00703nam a2200265Ia 4500008004100000040001200041082001700053082001500070100001800085245004800103260001200151260002400163260000900187300001200196300000600208300001400214530001700228563001000245600001800255630004800273650002900321650002100350700001800371730004800389160321s9999||||xx |||||||||||||| ||und|| cEnglish aXI.B Altekar bBORI-16140 aS. A. Altekar 4aThe Position Of Women In Hindu Civilisation aBanaras bMotilal Banarsidass c1956 aXii+380 cB eHardbound u00107881.pdf aStudy aS. A. Altekar aThe Position Of Women In Hindu Civilisation a"Social History,Culture" aGeneral Indology aS. A. Altekar aThe Position Of Women In Hindu Civilisation